Estrategia para la conservación de la biodiversidad en la Cuenca Media del río Nima (Registro nro. 4811)

Detalles MARC
000 -CABECERA
Campo de control 00658nam a2200193 a 4500
005 - FECHA Y HORA DE LA ULTIMA TRANSACCION
Campo de control 20141222143007.0
008 - ELEMENTOS DE LONGITUD FIJA—INFORMACION GENERAL
Campo de control 140124b2007 ck ||||| |||| 00| 0 spa d
040 ## - FUENTE DE CATALOGACIÓN
Agencia transcriptora CO-BooIH
041 ## - IDIOMA
Código de idioma para texto/pista de sonido o título separado Español
044 ## - PAÍS DE PUBLICACIÓN
País de publicación Colombia
090 ## - CLASIFICACIÓN LOCAL
Colección IAVH
Consecutivo 00444
100 ## - ASIENTO PRINCIPAL--NOMBRE PERSONAL
Nombre personal Guerra Gonzalez, Gustavo Javier
245 ## - MENCION DE TITULO
Título Estrategia para la conservación de la biodiversidad en la Cuenca Media del río Nima
Parte restante del título diseño, negociación e implementación de herramientas de manejo de paisajes-HMP
260 ## - PUBLICACION, DISTRIBUCION, ETC. (PIE DE IMPRENTA)
Lugar de publicación, distribución, etc. Palmira
Nombre del editor, distribuidor, etc. Instituto Alexander von Humboldt
-- CVC
Fecha de publicación, distribución, etc. 2007
300 ## - DESCRIPCION FISICA
Extensión 112 p.
700 ## - ASIENTO SECUNDARIO - NOMBRE PERSONAL
Nombre personal Cardona, Carlos Andrés
942 ## - ELEMENTOS ADICIONALES (KOHA)
Tipo de ítem Informe Técnico
Sistema de clasificación Local
945 ## - PROCESAMIENTO LOCAL
AAAA-MM-DD - Fecha de ingreso o modificacion 2007-11-08
Existencias
Withdrawn status Lost status Sistema de Clasificación Damaged status No para préstamo Colección Inventariado Ubicación Permanente Ubicación actual Fecha de adquisición Fuente de Valor Total Checkouts Número topográfico Inventario / Código de Barras Date last seen Ejemplar Price effective from Forma de adquisición Tipo de material
    Local     Humboldt Inventariado 2017 Villa de Leyva Villa de Leyva 08/11/2007 CID Humboldt   IAVH-00444 025426 09/08/2024 Ej. 1 04/12/2012   Informe Técnico